|
|
|
|
| LEADER |
01619nai a2200469 a 4500 |
| 001 |
001277990 |
| 003 |
CZ BrMZK |
| 005 |
20150204111307.0 |
| 007 |
ta |
| 008 |
130207c20119999xr qr p s 0 b0cze d |
| 015 |
|
|
|a cnb002256722
|
| 022 |
|
|
|a 1804-7343
|
| 040 |
|
|
|a BOA001
|b cze
|
| 043 |
|
|
|a e-xr---
|
| 072 |
|
7 |
|a 331
|x Práce
|2 Konspekt
|9 4
|
| 080 |
|
|
|a 331.45
|2 MRF
|
| 080 |
|
|
|a 351.83
|2 MRF
|
| 080 |
|
|
|a 613.6
|2 MRF
|
| 080 |
|
|
|a (437.3)
|2 MRF
|
| 080 |
|
|
|a (035)
|2 MRF
|
| 080 |
|
|
|a (0.034.44)
|2 MRF
|
| 100 |
1 |
|
|a Petrů, Pavel
|7 ola2003191790
|4 aut
|
| 222 |
|
0 |
|a Bezpečnost a ochrana zdraví při práci v praxi
|b (CD-ROM)
|
| 245 |
1 |
0 |
|a Bezpečnost a ochrana zdraví při práci v praxi :
|h [elektronický zdroj]
|
| 260 |
|
|
|a Praha :
|b Dashöfer,
|c 2011-
|
| 300 |
|
|
|a ^^^CD-ROM :
|c 12 cm
|b barev. ;
|
| 310 |
|
|
|a 4x ročně
|
| 500 |
|
|
|a Název z disku
|
| 500 |
|
|
|a Popsáno podle akt. 29 (březen 2014)
|
| 538 |
|
|
|a Požadavky na systém: Adobe Acrobat Reader 8 a vyšší
|
| 541 |
|
|
|c pv-cdr-i
|
| 650 |
0 |
7 |
|a bezpečnost práce
|7 ph118834
|z Česko
|2 czenas
|
| 650 |
0 |
7 |
|a hygiena práce
|7 ph120985
|z Česko
|2 czenas
|
| 655 |
|
7 |
|a příručky
|7 fd133209
|2 czenas
|
| 655 |
|
7 |
|a CD-ROM
|7 fd133955
|2 czenas
|
| 710 |
2 |
|
|a Verlag Dashöfer nakladatelství
|7 ko2004252970
|
| 910 |
|
|
|a BOA001
|b CDR2-1284.426
|s 2011 + akt. 29 (březen 2014)-
|
| 952 |
|
|
|a e-xr-
|
| 990 |
|
|
|a SE
|
| 995 |
|
|
|a 01
|
| 991 |
|
|
|b 201302
|
| 996 |
6 |
|
|b 2610535256
|c CDR2-1284.426
|d 2011 + akt. 29 (březen 2014)-
|y 2011
|l Stud. periodik/2.patro
|r Sklad / do 1 hodiny
|n 1
|p cdr-p.v.- posl. akt. 29/1403
|w 001312256
|u 000010
|a 1
|e BOA001
|j MZK50
|s P
|